<?xml version="1.0" encoding="UTF-8"?><?xml-stylesheet type="text/xsl" href="static/style.xsl"?><OAI-PMH xmlns="http://www.openarchives.org/OAI/2.0/" xmlns:xsi="http://www.w3.org/2001/XMLSchema-instance" xsi:schemaLocation="http://www.openarchives.org/OAI/2.0/ http://www.openarchives.org/OAI/2.0/OAI-PMH.xsd"><responseDate>2026-06-03T14:36:27Z</responseDate><request verb="GetRecord" identifier="oai:riuma.uma.es:10630/32436" metadataPrefix="marc">https://riuma.uma.es/rest/oai/request</request><GetRecord><record><header><identifier>oai:riuma.uma.es:10630/32436</identifier><datestamp>2026-02-03T11:58:31Z</datestamp><setSpec>com_10630_2254</setSpec><setSpec>col_10630_37959</setSpec></header><metadata><record xmlns="http://www.loc.gov/MARC21/slim" xmlns:dcterms="http://purl.org/dc/terms/" xmlns:doc="http://www.lyncode.com/xoai" xmlns:xsi="http://www.w3.org/2001/XMLSchema-instance" xsi:schemaLocation="http://www.loc.gov/MARC21/slim http://www.loc.gov/standards/marcxml/schema/MARC21slim.xsd">
   <leader>00925njm 22002777a 4500</leader>
   <datafield ind2=" " ind1=" " tag="042">
      <subfield code="a">dc</subfield>
   </datafield>
   <datafield ind2=" " ind1=" " tag="720">
      <subfield code="a">Giménez-Gualdo, Ana María</subfield>
      <subfield code="e">author</subfield>
   </datafield>
   <datafield ind2=" " ind1=" " tag="720">
      <subfield code="a">Maquilón Sánchez, Javier Jerónimo</subfield>
      <subfield code="e">author</subfield>
   </datafield>
   <datafield ind2=" " ind1=" " tag="720">
      <subfield code="a">Arnaiz Sánchez, Pilar</subfield>
      <subfield code="e">author</subfield>
   </datafield>
   <datafield ind2=" " ind1=" " tag="260">
      <subfield code="c">2014</subfield>
   </datafield>
   <datafield ind2=" " ind1=" " tag="520">
      <subfield code="a">La vida cotidiana de los menores se encuentra mediatizada por las tecnologías y el tiempo que diariamente están conectados a ellas. Entre los riesgos a los que se exponen mientras que usan las TIC se encuentra el acoso cibernético (cyberbullying) que cada día adquiriere mayor importancia en la sociedad. En la investigación que presentamos ha participado una muestra representativa de 1353 estudiantes de ESO y Bachillerato de la Región de Murcia, se analizó la frecuencia de acceso diario a las TIC y sus usos, así&#xd;
como la prevalencia de cyberbullying y su relación con el éxito académico autopercibido. Los resultados apuntaron hacia un acceso y un tiempo de dedicación diaria a las TIC muy preocupante, donde las redes sociales y el WhatsApp juegan un papel protagonista, encontrándose diferencias por género. A nivel de implicación, 6 de cada 10 menores participan en procesos de victimización, con mayor presencia de&#xd;
chicas, y 3 de cada 10 en agresión donde prevalecen los hombres. Estos implicados se concentran en 2º Ciclo de ESO (14-16 años). Finalmente, al considerar el rendimiento académico autopercibido, aparecen diferencias significativas según los roles de implicación. Estos resultados ponen en evidencia no sólo la existencia de acoso cibernético sino su relación con el género, nivel educativo, rendimiento académico y&#xd;
uso diario de las TIC como posibles elementos influyentes a considerar en pro de la expansión de este fenómeno cuyo impacto en los estudiantes es altamente perjudicial.</subfield>
   </datafield>
   <datafield ind1="8" ind2=" " tag="024">
      <subfield code="a">https://hdl.handle.net/10630/32436</subfield>
   </datafield>
   <datafield tag="653" ind2=" " ind1=" ">
      <subfield code="a">Ciberacoso</subfield>
   </datafield>
   <datafield tag="653" ind2=" " ind1=" ">
      <subfield code="a">Tecnología educativa</subfield>
   </datafield>
   <datafield ind2="0" ind1="0" tag="245">
      <subfield code="a">Acceso a las tecnologías, rendimiento académico y cyberbullying entre escolares.</subfield>
   </datafield>
</record>
</metadata></record></GetRecord></OAI-PMH>